Comercio internacional: teoría, política, práctica

Na minha lista:
Detalhes bibliográficos
Main Authors: Kramer, Roland L (Author), D'Arlin, Maurice Y (Author), Root, Franklin R (Author)
Formato: Livro
Idioma:espanhol
Publicado em: Ciudad de México Compañía General de Ediciones 1974
Edição:2a. ed
Assuntos:
Tags: Adicionar Tag
Sem tags, seja o primeiro a adicionar uma tag!

MARC

LEADER 00000nam a2200000 a 4500
001 UCR7980
003 CL-VaPUC
008 980519e19740000MX |||||||||||||||||spa|d
082 0 4 |a 382  |b KRA  |2 21 
100 |a Kramer, Roland L  |e author  |9 409571 
700 0 |a D'Arlin, Maurice Y  |e author  |9 409572 
700 0 |a Root, Franklin R  |e author  |9 409573 
245 1 0 |a Comercio internacional: teoría, política, práctica 
250 |a 2a. ed 
300 |a 731 p 
942 |c BK 
945 |d 19980519 00:00:00  |a crobeson 
260 |a Ciudad de México  |b Compañía General de Ediciones  |c 1974 
650 7 |a COMERCIO INTERNACIONAL  |2 CL-VaPUC  |9 409574 
650 7 |a SISTEMAS ECONOMICOS INTERNACIONALES  |2 CL-VaPUC  |9 338633 
650 7 |a SISTEMAS MONETARIOS INTERNACIONALES  |2 CL-VaPUC  |9 351627 
650 7 |a EXPORTACIONES  |2 CL-VaPUC  |9 255382 
650 7 |a IMPORTACIONES  |2 CL-VaPUC  |9 359079 
650 0 |a Producción   |9 263680 
650 0 |a Consumidores  |9 315658 
651 0 |a Estados Unidos  |9 255178 
583 |a last modification  |c 19980519 00:00:00  |k Rodrigo Vera 
999 |c 269555  |d 269553 
952 |0 0  |1 0  |4 0  |6 382_000000000000000_KRA_1974  |7 0  |8 A  |9 303317  |a BIBGIM  |b BIBGIM  |d 2019-11-20  |i 1400541  |o 382 KRA 1974  |p 1400541  |r 2025-01-15  |w 2019-11-20  |y BK  |k COM